Digital Banking (Record no. 209803)

MARC details
000 -LEADER
fixed length control field 00601nam a22001937a 4500
005 - DATE AND TIME OF LATEST TRANSACTION
control field 20250228125447.0
010 ## - LCCN (DPL NO)
LC control number ENG-143910
020 ## - INTERNATIONAL STANDARD BOOK NUMBER
International Standard Book Number 9789391373146
Terms of availability 240.00
035 ## - SYSTEM CONTROL NUMBER
System control number EN-127442
037 ## - SOURCE OF ACQUISITION
Source of stock number/acquisition DBAD/PUB
082 ## - DEWEY DECIMAL CLASSIFICATION NUMBER
Classification number 332.338
100 ## - MAIN ENTRY--PERSONAL NAME
Personal name Ganesan.M
245 ## - TITLE STATEMENT
Title Digital Banking
Statement of responsibility, etc by M.Ganesan , A. Saravankumar
Medium English
260 ## - PUBLICATION, DISTRIBUTION, ETC. (IMPRINT)
Place of publication, distribution, etc Tamil Nadu
Name of publisher, distributor, etc Shanlax Publication
Date of publication, distribution, etc 2021
270 ## - ADDRESS
Address 61,66TPK Main road, vasantha Nagar,madurai
City tamil Nadu
Postal code 625003
300 ## - PHYSICAL DESCRIPTION
Extent 142p.
Dimensions 22cm(pbk)
700 ## - ADDED ENTRY--PERSONAL NAME
Personal name Snorrason, Gylfi K.
9 (RLIN) 78826
942 ## - ADDED ENTRY ELEMENTS (KOHA)
Source of classification or shelving scheme Dewey Decimal Classification
Item type English Books
Classification part 332.338
Call number suffix GAN
Holdings
Withdrawn status Lost status Not for loan Collection code Home library Current library Date acquired Source of acquisition Cost, normal purchase price Full call number Barcode Copy number Cost, replacement price Koha item type
    Not For Loan Non-fiction D.B.Act.Division D.B.Act.Division 28/02/2025 DBAD/PUB 240.00 332.338 GAN EN-127442 01 240.00 English Books

© Delhi Public Library
Hit Counter
free hit counter